B. DIVINSKÝ (2004). MIGRATION TRENDS IN SELECTED EU APPLICANT COUNTRIES.

Bibliographic Details
Main Author: Halás, Marián, 1973- (Author)
Format: Article
Language:Slovak
Subjects:

MARC

LEADER 00000nab a2200000Ia 4500
001 vtls010762293
003 SK-MaSNL
005 20260426094227.0
008 250718|2005 xo |||||||||||||||||slo|
035 |a (urnnbn)urn:nbn:sk:snk:ar-a01aap 
035 |a (uuid)00785787-5e43-4fcb-a54d-8f32835276d9 
035 |a urn:nbn:sk:snk-ab4dz1 
040 |a SNKBUCL  |b slo  |c SNKBUCL  |e AACR2 
041 0 |a slo 
044 |a xo  |c SK 
080 |a 502.5  |2 2001 
080 |a 316.3  |2 2001 
080 |a 061  |2 2001 
080 |a 314.74:323.1  |2 2001 
080 |a (437.6)  |2 2011 
100 1 |a Halás, Marián,  |d 1973-  |4 aut  |9 259635 
245 1 0 |a B. DIVINSKÝ (2004). MIGRATION TRENDS IN SELECTED EU APPLICANT COUNTRIES.  |c Marián Halás 
504 |a Bibliografické odkazy 
610 2 7 |a Medzinárodná organizácia pre migráciu  |2 SNK  |9 30469 
650 0 7 |a krajina  |2 SNKPH  |9 15725 
650 0 7 |a migračné správanie  |2 SNK  |9 1489879 
650 0 7 |a spoločnosť  |2 SNKPH  |9 1013 
650 0 7 |a inštitúcie a organizácie  |2 SNKPH  |9 66282 
650 0 7 |a migračná politika  |2 SNKPH  |9 3787 
651 7 |a Slovensko  |2 SNKPH  |9 14231 
773 0 |t Geografický časopis Slovenskej akadémie vied  |g Roč. 57, č. 1 (2005), s. 93-94 
850 |a Slovenská národná knižnica 
852 |a Slovenská národná knižnica 
954 |a odborná, vedecká literatúra pôvodná (slovenská)  |2 lita 
958 |a article3 
958 |a NB 
958 |a OND 
958 |a EUIPO 
999 |c 3129556  |d 3131486